| 000 | 00727nam a22001937a 4500 | ||
|---|---|---|---|
| 003 | OSt | ||
| 005 | 20240829112557.0 | ||
| 008 | 240829b ||||| |||| 00| 0 eng d | ||
| 040 | _cAIMIT LIBRARY | ||
| 100 |
_aMathew, Ashil. _e2216030 _9178125 |
||
| 245 |
_aEffects of welfare facilities on employee satisfaction and employee engagement at kiocl limited / _cBy Ashil Mathew ; Guided by Rowena Wright |
||
| 260 |
_aBangalore ; _c2024. |
||
| 650 |
_aIndustry profile company profile and introduction to study _9178126 |
||
| 650 |
_aResearch methodology _9178127 |
||
| 650 |
_aFindings managerial implications and conclusion _9178128 |
||
| 700 |
_aWright, Rowena. _eGuide _9178129 |
||
| 856 | _3KIOCL Limited | ||
| 942 |
_2ddc _cPRO |
||
| 999 |
_c231632 _d231632 |
||